| 000 | 01287cam a22003855i 4500 | ||
|---|---|---|---|
| 999 |
_c22491 _d22463 |
||
| 001 | 016171844 | ||
| 003 | EG-ScBUE | ||
| 005 | 20201128023842.0 | ||
| 008 | 130408s2013 enk f bd 001 0 eng d | ||
| 020 | _a9780199608362 (pbk.) | ||
| 020 | _a0199608369 (pbk.) | ||
| 035 | _a(OCoLC)ocn793581555 | ||
| 040 |
_aStDuBDS _beng _erda _cStDuBDS _dUk _dEG-ScBUE |
||
| 041 | 1 |
_aeng _hgrc |
|
| 082 | 0 | 4 |
_a808.2 _bARI _222 |
| 100 | 0 |
_aAristotle, _eauthor. _91117 |
|
| 240 | 1 | 0 |
_aPoetics. _lEnglish |
| 245 | 1 | 0 |
_aPoetics / _cAristotle ; translated with an introduction and notes by Anthony Kenny. |
| 250 | _aFirst edition. | ||
| 264 | 1 |
_aOxford : _bOxford University Press, _c2013. |
|
| 300 |
_axlv, 103 pages ; _c20 cm. |
||
| 336 |
_atext _btxt _2rdacontent |
||
| 337 |
_aunmediated _bn _2rdamedia |
||
| 338 |
_avolume _bnc _2rdacarrier |
||
| 490 | 0 | _aOxford world's classics | |
| 500 | _aIncludes glossary. | ||
| 504 | _aIncludes bibliographical references and index. | ||
| 546 | _aText in English ; translated from original Greek. | ||
| 600 | 0 | 7 |
_aAristotle. _tPoetics _vCommentaries. _2BUEsh |
| 650 | 7 |
_aPoetics _vEarly works to 1800. _2BUEsh _940332 |
|
| 651 | _2BUEsh | ||
| 653 |
_bHHUUEENN _cOctober2016 |
||
| 700 | 1 |
_aKenny, Anthony, _d1931- _etranslator. _941403 |
|
| 942 |
_2ddc _cBB |
||